000 00864nab a2200253 a 4500
005 20210219162005.0
008 991125s1985 mx 000 0 spa u
035 _aUPN01000195807
100 1 _aOrtiz Colón, Ana María
222 _aREVISTA DE CIENCIAS DE LA EDUCACION
245 _aLa formación de personas mayores como favorecedora del envejecimiento y calidad de vida desde las percepciones del profesorado de la Universidad de Jaén
260 _aMadrid, España
300 _a239-252
362 0 _a2013 No. 234, abr.-jun.
653 0 _aADULTOS MAYORES
653 0 _aENVEJECIMIENTO ACTIVO
653 0 _aCALIDAD DE VIDA
653 0 _aPERCEPCIONES DOCENTES
700 1 _aPeñaherrera León, Mónica,
_ecoaut.
700 1 _umpleon@ujaen.es
700 1 _aAlmazán Moreno, Lorenzo,
_ecoaut.
700 1 _ulalmazan@ujaen.es
905 _aArticulo
999 _c167908
_d167908